000 00712ngm a22002650a 4500
001 PT33199
003 AR-LpoUNG
005 20210202000435.0
007 vd cvaizq
008 191001suuuu||||ag |||||||||||||||||spa d
040 _aAR-LpoUNG
_bspa
_cAR-LpoUNG
_eaacr
041 _aspa
044 _aag
082 0 _a980 175v3
245 1 0 _aDe la patria grande a la patria chica
260 _aBuenos Aires :
_bInstrumedia,
_cs.f.
300 _aDVD : son., col.
505 0 _aBasado en el libro de Jorge Abelardo Ramos
653 _aCINE ARGENTINO
653 _aDOCUMENTALES
653 _aVIDEOS
710 2 _aInstituto Nacional de Artes Audiovisuales (Buenos Aires)
905 _a33199
942 _cDVD
999 _c54849
_d54849